| 000 | 00614nam a22002417a 4500 | ||
|---|---|---|---|
| 003 | UA-OsUOA | ||
| 001 | 125618 | ||
| 007 | ta | ||
| 008 | 20170921b un ||||| |||| 00| 0 ukr d | ||
| 100 | _aДімаров А. | ||
| 090 |
_a821.161.2 _bД50 |
||
| 942 | _cBK | ||
| 040 |
_aUA-OsUOA _bukr _cUA-OsUOA _dUA-OsUOA |
||
| 245 |
_aСамосуд _bповісті, оповідання, етюди |
||
| 300 | _a221 с. | ||
| 955 | _a3 | ||
| 041 | _aukr | ||
| 080 | _a821.161.2 | ||
| 020 | _a966-579-032-3 | ||
| 260 |
_aК. _bУкраїнський письменник _c1999 |
||
| 650 | 7 | _2UDC | |
| 999 |
_c412866 _d412866 |
||